[Event "Dundee & Angus Minor"]
[Site "Dundee"]
[Date "2015.10.10"]
[Round "2"]
[White "Milton, Sean"]
[Black "Dutta, Oishani"]
[Result "0-1"]
[WhiteElo "1129"]
[BlackElo "840"]
[PlyCount "78"]
[EventDate "2015.10.09"]
[EventType "swiss"]
[EventRounds "5"]
[EventCountry "SCO"]
[SourceTitle "EXT 2023"]
[Source "ChessBase"]
[SourceDate "2022.10.05"]
[SourceVersion "1"]
[SourceVersionDate "2022.10.05"]
[SourceQuality "1"]

1. b4 e5 2. Bb2 d6 3. b5 Nf6 4. e3 Be7 5. Qf3 Nbd7 6. Nc3 0-0 7. Ne4 c6 8. a4 Qc7 9. c4 d5 10. Nxf6+ Nxf6 11. Qg3 Bd6 12. Ba3 Bxa3 13. Rxa3 Qe7 14. Rb3 d4 15. Nf3 dxe3 16. dxe3 Nd7 17. Be2 Nc5 18. Ra3 Ne4 19. Qxe5 Qxa3 20. Qxe4 Qc1+ 21. Bd1 Rd8 22. 0-0 Qxd1 23. Nd4 Qg4 24. Qe7 Be6 25. h3 Qg6 26. Rc1 Bxh3 27. g3 Re8 28. Qxb7 Qe4 29. Qxc6 Qxc6 30. Nxc6 Bd7 31. Nd4 a6 32. b6 Bxa4 33. c5 Rab8 34. Rb1 Rec8 35. Rc1 g6 36. Kf1 Bb5+ 37. Ke1 Rxb6 38. cxb6 Rxc1+ 39. Kd2 Rc8 0-1